00462nam a2200157Ia 4500008004100000082001000041100002400051245004400075260002500119300000800144365000600152520002900158630004400187650002900231730004400260100917s9999 xx 000 0 und d b46500 aJames Roose - Evans aElsewhere & The Gathering of the clowns bAndre Deutsch.c1974 a101 b0 aबालविभाग aElsewhere & The Gathering of the clowns aबालविभाग aElsewhere & The Gathering of the clowns